Linha de sombra (Registo nº 228)

Detalhes MARC
000 -Etiqueta do registo
Cabeçalho 00808nam0a2200265 4500
005 - Identificador da versão
Campo de controlo 20240813121757.0
010 ## - Número internacional normalizado dos livros (ISBN)
Número (ISBN) 8496142485
021 ## - Número do Depósito Legal
Código do país PT
Número B. 17103-2003
100 ## - Dados gerais de processamento
Dados gerais de processamento 20160317d2003 m y0pory5003 ba
102 ## - Pais de publicação ou produção
País de publicação Portugal
101 1# - Língua de publicação
Língua do texto, banda sonora, etc. Português
Língua do documento no original Inglês
215 ## - Descrição física 
Indicação específica da natureza do documento e extensão da espécie 160 p
200 1# - Titulo e menção de responsabilidade
Título próprio Linha de sombra
Primeira menção de responsabilidade Joseph Conrad
Outras menções de responsabilidade trad. Maria Teresa Sá e Miguel Serras Pereira
225 2# - Colecção 
Título próprio da colecção Mil folhas
Indicação de volume 50
210 ## - Publicação, Distribuição, etc. 
Lugar da edição, distribuição, etc. Porto
Nome do editor, distribuidor, etc. Público Comunicação Social
Data da publicação, distribuição, etc. cop. 2003
606 ## - Nome comum usado como assunto
Número de registo de entrada de autoridade 0002233
Palavra de ordem Literatura inglesa
Subdivisão de assunto Romance
Código do sistema CA
675 ## - Classificação Decimal Universal (CDU)
Notação 821.111-31
Edição 3ª ed.
Língua da edição por
702 ## - Nome de autor-pessoa física (responsabilidade secundária)
Número de registo de entrada de autoridade 0000288
Palavra de ordem
Outra parte do nome não tomada para palavra de ordem Maria Teresa
Código de função Tradutor
Número de registo de entrada de autoridade 0000289
Palavra de ordem Pereira
Outra parte do nome não tomada para palavra de ordem Miguel Serras
Datas 1949-
Código de função Tradutor
700 ## - Nome de autor-pessoa física (responsabilidade principal)
Número de registo de entrada de autoridade 0000287
Palavra de ordem Conrad
Outra parte do nome não tomada para palavra de ordem Joseph
Datas 1857-1924
942 ## - Elementos de entrada adicionados (Koha)
Tipo de item no Koha Livro
Exemplares
Situação do levantamento Origin of item (home branch) (coded) Biblioteca de empréstimo Código de barras Cota Circulation type (not for loan) Tipo de documento Nota do exemplar Damaged status
  Biblioteca Escolar Eng. Nuno Mergulhão Biblioteca Escolar Eng. Nuno Mergulhão BENM782 82LE-3 CON   Livro Sem mensagem